000 01418ngm a22003370a 4500
001 PT35674
003 AR-LpoUNG
005 20210202000451.0
007 vd cvaizq
008 191001s2003||||ag |||||||||||||||||spa d
040 _aAR-LpoUNG
_bspa
_cAR-LpoUNG
_eaacr
041 _aspa
044 _aag
082 0 _a796.830 982 118gat
100 1 _aFavio, Leonardo
245 1 0 _aGatica :
_bel mono
260 _aBuenos Aires :
_bInternational DVD Group,
_c2003.
300 _aDVD (128 min.) : son., col.
505 0 _aHecha en 1993. - Subtítulos en inglés. - Elenco: Edgardo Nieva, Horacio Taicher, Eva Gatica, Virginia Inoccenti.
520 _a<p>Ascenso y ca&iacute;da de Jos&eacute; Mar&iacute;a Gatica, boxeador argentino pol&eacute;mico y legendario. Gatica el mono fue uno de los boxeadores argentinos m&aacute;s populares de los a&ntilde;os cuarenta. Retratado desde su infancia en Buenos Aires hasta su &eacute;xito veinte a&ntilde;os m&aacute;s tarde. Sus m&uacute;ltiples combates con famosos boxeadores y su dram&aacute;tico fracaso condicionado por los cambios pol&iacute;ticos despu&eacute;s de la muerte de Per&oacute;n.</p>
650 4 _aANALISIS HISTORICO
650 4 _aARGENTINA
650 4 _aASPECTOS POLITICOS
650 4 _aASPECTOS SOCIALES
650 4 _aDEPORTES
651 4 _aArgentina
653 _aCINE ARGENTINO
653 _aVIDEOS
905 _a35674
942 _cDVD
999 _c54914
_d54914